Kariéra s HN

Hľadanie obrazu firmy, ideálneho pre okolie aj vlastných zamestnancov. Vnútorné a vonkajšie predpoklady vytvárania podnikovej kultúry. Postup špecializovanej konzultačnej firmy LogistiCS Consults pri hľadaní identity firmy.

Gespeichert in:
Bibliographische Detailangaben
1. Verfasser: Obdržálek, Peter
Format: Buchkapitel
Sprache:Slowakisch
Schlagworte:
Tags: Tag hinzufügen
Keine Tags, Fügen Sie das erste Tag hinzu!

MARC

LEADER 00000naa a2200000 4500
001 r022850
005 20230801104415.1
041 0 |a slo 
044 |a SK 
245 1 0 |a Kariéra s HN  |c P. Obdržálek 
520 |a Hľadanie obrazu firmy, ideálneho pre okolie aj vlastných zamestnancov. Vnútorné a vonkajšie predpoklady vytvárania podnikovej kultúry. Postup špecializovanej konzultačnej firmy LogistiCS Consults pri hľadaní identity firmy. 
610 2 0 |a firmy 
610 2 0 |a identita podniková 
610 2 0 |a imidž 
610 2 0 |a kultúra podniková 
610 2 0 |a LogistiCS Consults, s.r.o. 
100 1 |a Obdržálek, Peter